Lyrics to 'Paris' by Morat - Statistics

General Stats
  • This quiz has been taken 47 times
  • The average score is 236 of 265
Answer Stats
Answer % Correct
es
100%
Es
100%
París
100%
Y
100%
y
100%
Yo
100%
yo
100%
a
89%
ahora
89%
alejo
89%
ama
89%
amor
89%
antes
89%
Aposté
89%
aprendí
89%
Aprendí
89%
aquí
89%
aunque
89%
batalla
89%
camisas
89%
caras
89%
cartas
89%
Comienza
89%
como
89%
cruz
89%
cuenta
89%
cuento
89%
Daría
89%
das
89%
de
89%
decirte
89%
Deja
89%
diamantes
89%
dos
89%
duele
89%
el
89%
él
89%
en
89%
eres
89%
excusas
89%
flores
89%
gritar
89%
hace
89%
Hubieramos
89%
iluminado
89%
indiferente
89%
insistir
89%
jugué
89%
la
89%
La
89%
las
89%
Lo
89%
lo
89%
los
89%
Me
89%
me
89%
Messi
89%
89%
mientas
89%
no
89%
No
89%
nombre
89%
pensando
89%
perdí
89%
Pero
89%
pides
89%
por
89%
¿Por
89%
problema
89%
problemas
89%
que
89%
Que
89%
qué
89%
quemas
89%
quien
89%
saber
89%
sea
89%
soy
89%
sufrir
89%
tan
89%
te
89%
tengo
89%
ti
89%
todas
89%
Todas
89%
todo
89%
89%
89%
tu
89%
tus
89%
un
89%
vas
89%
vaya
89%
ver
89%
viste
89%
vos
89%
Voy
89%
ya
89%
crazy?
78%
cruel
78%
entiende
78%
había
78%
Jordan
78%
mis
78%
nadie
78%
nos
78%
Para
78%
resulta
78%
ser
78%
si
78%
vida
78%
volvemos
78%
empty
67%
perder
67%
selfish
67%
No matching quizzes found
Score Distribution
Percent of People with Each Score
Percentile by Number Answered
Your Score History
You have not taken this quiz